Testamento de Cristobal Colón /
Salvato in:
| Autore principale: | |
|---|---|
| Enti autori: | , |
| Altri autori: | |
| Natura: | Sconosciuto |
| Lingua: | Spanish |
| Pubblicazione: |
Valladolid, España :
1980.
|
| Soggetti: | |
| Tags: |
Aggiungi Tag
Nessun Tag, puoi essere il primo ad aggiungerne!!
|
MARC
| LEADER | 000000000a22000000004500 | ||
|---|---|---|---|
| 001 | 003103 | ||
| 041 | 0 | |a spa | |
| 082 | 0 | 4 | |a 970.015 |b C711t |
| 100 | 1 | |a Colón, Cristóbal, |d 1440-1506 | |
| 245 | 1 | 0 | |a Testamento de Cristobal Colón / |c Cristóbal Colón ; Demetrio Ramos Pérez, estudio ; Casa Museo de Colón ; Universidad de Valladolid. Seminario Americanista. |
| 260 | 1 | |a Valladolid, España : |e [editor no identificado], |c 1980. | |
| 300 | |a [40] páginas : |b ilustraciones, mapas | ||
| 500 | |a Otorgado en Valladolid a 19 de mayo 1506 ante el escribano Pedro de Hinojedo | ||
| 650 | 4 | |a CRISTOBAL COLON | |
| 700 | 1 | |a Ramos Pérez, Demetrio, estudio | |
| 710 | 2 | |a Casa Museo de Colón | |
| 710 | 1 | |a Universidad de Valladolid. Seminario Americanista | |
| 999 | |c 9407 |d 9407 | ||
| 942 | |c BK |h 970.015 C711t |2 z | ||
